000 00796nam a2200277Ia 4500
001 13722
005 20240113235501.0
007 ta
008 051114s1960 a g b000 u 465 u
040 _aCotton College Assam
041 _a465
082 _a511
_bC 33 C
100 _aCesari , L..
245 0 _aContributions to the Theory of Nonlinear Oscillations Vol.V /
_cL.Cesari , J.Lasalle & S.Lefschetz.
_hTextual Documents
250 _a1st ed. /
260 _aPrinceton :
_bPrinceton University Press ,
_c1960.
300 _a283p. :
_bill ;
_c23cm .
653 _aMathematics
653 _aNonlinear Oscillations Theory
653 _aG-Mathematics
700 _aLasalle , J..
700 _aLefschetz, S..
942 _2ddc
_cBK
999 _c13708
_d13708